000 00274nam a2200097Ia 4500
001 1299355
005 20260417170343.0
008 260417s9999 xx 000 0 und d
245 0 _aERDEMLER-2 EBEVEYN VE ÖĞRETMEN REHBERİ
_cNecla SAYDAM
260 _bTİMAŞ ÇOCUK YAYINLARI
999 _c1299355
_d1299355